Sacred space : (Record no. 2507)

MARC details
000 -LEADER
fixed length control field 00994cam a2200301 i 4500
001 - CONTROL NUMBER
control field 9928991973804341
003 - CONTROL NUMBER IDENTIFIER
control field OSt
005 - DATE AND TIME OF LATEST TRANSACTION
control field 20241215104614.0
008 - FIXED-LENGTH DATA ELEMENTS--GENERAL INFORMATION
fixed length control field 000419s2000 stkacf b 001 0 eng d
020 ## - INTERNATIONAL STANDARD BOOK NUMBER
International Standard Book Number 0443058342
035 ## - SYSTEM CONTROL NUMBER
System control number 2899197
035 ## - SYSTEM CONTROL NUMBER
System control number (StEdNL)2899197-nlsdb-Voyager
040 ## - CATALOGING SOURCE
Original cataloging agency StEdNL
Transcribing agency LHL
100 1# - MAIN ENTRY--PERSONAL NAME
Personal name Wright, Stephen G.,
Titles and words associated with a name MSc.
245 10 - TITLE STATEMENT
Title Sacred space :
Remainder of title right relationship and spirituality in healthcare /
Statement of responsibility, etc. Stephen G. Wright, Jean Sayre-Adams.
264 ## - PRODUCTION, PUBLICATION, DISTRIBUTION, MANUFACTURE, AND COPYRIGHT NOTICE
Place of production, publication, distribution, manufacture Edinburgh :
Name of producer, publisher, distributor, manufacturer Churchill Livingstone,
Date of production, publication, distribution, manufacture, or copyright notice 2000.
300 ## - PHYSICAL DESCRIPTION
Extent x, 156 pages, 10 pages of plates :
Other physical details ill., ports. ;
Dimensions 24 cm.
336 ## - CONTENT TYPE
Source rdacontent
Content type term text
Content type code txt
337 ## - MEDIA TYPE
Source rdamedia
Media type term unmediated
Media type code n
338 ## - CARRIER TYPE
Source rdacarrier
Carrier type term volume
Carrier type code nc
504 ## - BIBLIOGRAPHY, ETC. NOTE
Bibliography, etc. note Includes bibliographical references and index.
650 #0 - SUBJECT ADDED ENTRY--TOPICAL TERM
Topical term or geographic name entry element Medical personnel
General subdivision Conduct of life.
650 #0 - SUBJECT ADDED ENTRY--TOPICAL TERM
Topical term or geographic name entry element Caregivers.
650 #0 - SUBJECT ADDED ENTRY--TOPICAL TERM
Topical term or geographic name entry element Spiritual life.
650 #0 - SUBJECT ADDED ENTRY--TOPICAL TERM
Topical term or geographic name entry element Holistic medicine.
700 1# - ADDED ENTRY--PERSONAL NAME
Personal name Sayre-Adams, Jean.
942 ## - ADDED ENTRY ELEMENTS (KOHA)
Source of classification or shelving scheme Lindholme Classification Scheme
Koha item type Book
Suppress in OPAC No
Holdings
Withdrawn status Lost status Source of classification or shelving scheme Damaged status Not for loan Collection Home library Current library Shelving location Date acquired Total checkouts Full call number Barcode Date last seen Price effective from Koha item type
    Lindholme Classification Scheme     Western Philosophy, Religion, & Psychology Lindholme Hall Library Lindholme Hall Library General stacks 15/12/2024   101 WRI 2403574 15/12/2024 15/12/2024 Book